000 00874nam a2200277Ia 4500
003 OSt
005 20220918223934.0
006 a|||||r|||| 00| 0
007 ta
008 220917b |||||||| |||| 00| 0 eng d
024 _a225,794
037 _cTextual
040 _aARTS
_cARTS
_beng
041 _2eng
_aeng
082 _aP:4, P5
100 _aBarnbrook Geoff Ed.
_9146901
245 0 _aMeaningful texts
_b The extraction of semantic information from Monolingual and multilingual corpora
260 _aLondon
_bContinuuam
_c2005
300 _aix, 230p
_ccm.
490 _aCorpus and discourse
650 _aLINGUISTICS
700 _a Danielsson Pernilla Ed.
_9146902
700 _a Mahlberg Michaela Ed.
_9146903
942 _hP:4, P5
_cTEXL
_2CC
999 _c279776
_d279776